[Event "GAMMA Reykjavik Open 2018"]
[Site "Reykjavik"]
[Date "2018.03.16"]
[Round "9"]
[White "Antal, Tibor Kende"]
[Black "Can, Emre"]
[Result "0-1"]
[WhiteElo "2419"]
[BlackElo "2603"]
[Annotator "TA"]
[PlyCount "128"]
[EventType "swiss"]
[EventCountry "ISL"]
[SourceTitle "playchess.com"]
[Source "ChessBase"]
[SourceQuality "1"]

{[%evp 16,128,17,17,19,8,47,30,46,25,44,0,0,0,0,0,0,-38,45,50,48,33,27,22,37,-1,-20,-56,-20,-38,0,0,48,19,18,-62,-61,-71,-71,-79,-80,-108,-137,-120,-94,-156,-155,-137,-131,-141,-125,-175,-95,-184,-152,-157,-144,-143,-100,-153,-149,-149,0,-122,0,-163,-140,-146,-143,-238,-203,-202,-199,-232,-235,-233,-224,-219,-220,-216,-184,-187,-186,-195,-162,-229,-237,-229,-237,-247,-160,-689,-670,-638,-655,-617,-575,-981,-892,-770,-679,-29972,-29974,-29973,-29974,-29971,-29966,-29974,-29974,-29980,-5197,-29981,-29982,-29993,-29985]} 1. e4 c5 2. Nf3 e6 3. c3 {[%cal Bc2c3,Bc3d4,Bd4d5][%mdl 32]} Nf6 4. e5 Nd5 5. d4 cxd4 6. cxd4 b6 7. Bc4 Bb7 {B22: Sicilian: 2 c3} 8. Bxd5 (8. O-O d6 9. Bg5 Be7 10. Bxe7 Nxe7 11. Nc3 O-O 12. Qe2 Ng6 13. Rad1 Nc6 14. exd6 Qxd6 15. d5 exd5 16. Bxd5 {½-½ (59) Wang,H (2709)-Andreikin,D (2712) Huaian 2017}) 8... Bxd5 9. Nc3 {LiveBook: 3 Games} Bb7 {The position is equal.} 10. O-O Na6 $146 ({Predecessor:} 10... d5 11. Bg5 Qd7 12. Rc1 h6 13. Bh4 Nc6 14. Re1 Ne7 15. Qe2 {0-1 (45) Vaibhav,K (1899)-Sriram,J (2457) New Delhi 2008}) 11. d5 Bb4 12. Bg5 Qb8 13. Nb5 {Strongly threatening d6.} Bxd5 14. Qa4 Bb7 $1 15. Rfd1 Bc5 16. b4 Nxb4 (16... Bxb4 $15 17. Bd2 Bf8) 17. Nd6+ $14 Bxd6 $1 18. Rxd6 Nc6 19. Rad1 h6 20. Qh4 {[%mdl 1024] White has compensation.} Qc7 21. Qh5 Rf8 22. Bh4 g5 23. Bg3 O-O-O {Threatens to win with ...Ne7.} 24. Qxh6 g4 25. Nd2 (25. Nd4 $11 Nxd4 26. R6xd4) 25... Ne7 $15 26. Qf4 Nf5 $36 {[%mdl 2048] Black is on the roll.} 27. Rd3 Qc6 {[%csl Gb7][%cal Rc6g2]} 28. f3 gxf3 29. Nxf3 {Black must now prevent Rc1.} Kb8 30. Bh4 (30. Bf2 $142) 30... Nxh4 $17 31. Qxh4 Rg8 32. Qf4 Qc5+ 33. Kh1 Bc6 (33... Bd5 $19 34. Rc1 {[#]} Rg4 $1 {[%mdl 512]}) 34. R3d2 (34. Ng5 $17) 34... Rg7 35. Nd4 Bb7 36. Nf3 Qc6 37. Rd6 (37. h4 $142) 37... Qc2 {[%csl Gg7][%cal Rc2g2]} 38. R6d2 Qc6 39. Rd6 $1 {[%cal Rd6c6]} Qc2 {[%csl Gg7][%cal Rc2g2]} 40. R6d2 Qg6 41. Qf6 Rdg8 {And now ...Qxf6 would win.} 42. Rf1 (42. Qxg6 $17 Rxg6 43. Rxd7) 42... Qxf6 43. exf6 Rg6 44. h4 Rxf6 45. Rxd7 Rg4 46. Rd8+ Kc7 47. Rh8 Bxf3 48. gxf3 $19 {[%mdl 4096] Endgame KRR-KRR} Rg3 49. f4 Rg4 50. f5 (50. Kh2 $142) 50... Rxf5 51. Rxf5 exf5 {KR-KR} 52. h5 Kc6 53. h6 $2 (53. Kh2 $17) 53... Kb5 54. Rh7 Rg6 55. Kh2 a5 56. Kh3 f4 57. Kh4 f3 58. Kh5 Rf6 59. Kg5 {[#]} f2 $1 {[%mdl 512]} 60. Kxf6 f1=Q+ 61. Kg7 Qf5 62. Rh8 Qg6+ 63. Kf8 f5 {[%cal Bf7f5,Bf5f4][%mdl 32]} 64. h7 f4 {Precision: White = 40%, Black = 67%.} 0-1

[Event "GAMMA Reykjavik Open 2018"]
[Site "Reykjavik"]
[Date "2018.03.16"]
[Round "9"]
[White "Thavandiran, Shiyam"]
[Black "Grigoriants, Sergey"]
[Result "1/2-1/2"]
[WhiteElo "2399"]
[BlackElo "2568"]
[Annotator "TA"]
[PlyCount "46"]
[EventType "swiss"]
[EventCountry "ISL"]
[SourceTitle "playchess.com"]
[Source "ChessBase"]
[SourceQuality "1"]

{[%evp 19,46,1,0,0,0,0,0,0,0,0,0,0,0,0,0,0,0,0,0,0,7,0,0,0,0,0,7,0,0]} 1. e4 c6 2. d4 d5 3. Nd2 dxe4 4. Nxe4 Bf5 5. Ng3 Bg6 6. Nh3 Nd7 7. Nf4 {B18: Classical Caro-Kann: 4...Bf5 sidelines} Ngf6 8. Bc4 e5 (8... Qc7 9. O-O e6 10. c3 Bd6 11. Qf3 c5 12. dxc5 Bxc5 13. Bb3 O-O-O 14. Nxg6 hxg6 15. Bf4 e5 16. Be3 e4 17. Qe2 Bxe3 18. Qxe3 Rxh2 19. Rfd1 Rdh8 20. Qxa7 e3 21. Qxe3 Ng4 {0-1 (21) Zherebukh,Y (2605)-Nakamura,H (2793) Saint Louis 2017}) 9. Qe2 Qe7 10. Nxg6 hxg6 {LiveBook: 3 Games. The position is equal.} 11. Be3 exd4 12. Bxd4 Qxe2+ 13. Bxe2 $146 ({Predecessor:} 13. Nxe2) 13... Bc5 14. O-O-O Rh4 15. Bxc5 Nxc5 16. h3 Kf8 17. Bf3 Re8 18. Rhe1 Rxe1 19. Rxe1 Rf4 20. Ne2 Rh4 21. Nc3 Rf4 22. Ne2 Rh4 23. Nc3 Rf4 {Precision: White = 68%, Black = 81%.} 1/2-1/2

[Event "GAMMA Reykjavik Open 2018"]
[Site "Reykjavik"]
[Date "2018.03.16"]
[Round "9"]
[White "Abrahamyan, Tatev"]
[Black "Brunello, Sabino"]
[Result "1/2-1/2"]
[WhiteElo "2369"]
[BlackElo "2542"]
[Annotator "TA"]
[PlyCount "84"]
[EventType "swiss"]
[EventCountry "ISL"]
[SourceTitle "playchess.com"]
[Source "ChessBase"]
[SourceQuality "1"]

{[%evp 25,84,0,0,0,0,-24,0,-8,-2,0,0,-1,0,0,0,0,0,0,0,0,0,0,0,0,0,0,0,0,0,0,0,0,0,0,0,0,0,0,0,0,0,0,0,0,0,0,0,0,0,-8,0,0,0,0,0,0,0,0,0,0,0]} 1. e4 c5 2. Nf3 e6 3. d4 cxd4 4. Nxd4 Nc6 5. Nc3 Qc7 6. f4 a6 7. Nxc6 bxc6 8. Bd3 d5 9. O-O Nf6 10. Qe2 Be7 {B46: Sicilian: Taimanov: 5 Nc3 a6} 11. Kh1 (11. Bd2 O-O 12. Rae1 Re8 13. Kh1 Bf8 14. e5 Nd7 15. Na4 g6 16. c4 Nc5 17. Nxc5 Bxc5 18. Rc1 {1-0 (44) Sutovsky,E (2673)-Pichot,A (2552) Caleta 2018}) 11... c5 12. b3 {[%cal Bb2b3,Bb3c4][%mdl 32]} Bb7 13. Bb2 O-O {LiveBook: 5 Games} 14. Rae1 {[#] aiming for exd5.} c4 15. bxc4 dxe4 16. Nxe4 {The position is equal.} Nxe4 17. Bxe4 Bxe4 18. Qxe4 {f5 is the strong threat.} Rac8 $146 19. Rf3 Qxc4 20. Qe5 {[%csl Gb2][%cal Re5g7]} f6 $1 {[%cal Rf6e5]} ({Don't go for} 20... Bf6 $2 {[#]} 21. Qxf6 $1 {[%mdl 512]} Qc3 22. Bxc3 $18) 21. Qxe6+ Qxe6 22. Rxe6 Rxc2 23. Rxe7 {Black must now prevent Rb3.} Rxb2 $11 {[%mdl 4096] Endgame KRR-KRR} 24. h4 Rxa2 25. Rg3 g6 26. h5 Rf7 27. Re8+ Kg7 28. hxg6 hxg6 29. f5 g5 30. Rh3 {Reh8 would kill now.} Ra4 31. Reh8 {[%csl Gh8][%cal Rh3h7]} Rh4 $1 32. R8xh4 gxh4 33. Rxh4 {KR-KR} Ra7 34. Rg4+ Kf7 35. Ra4 a5 36. Kh2 Ke7 37. g4 Kd6 38. Kg3 Kc5 39. g5 fxg5 40. Kg4 $1 Kb5 41. Ra1 a4 42. Kxg5 Kb4 {Precision: White = 93%, Black = 71%.} 1/2-1/2

[Event "GAMMA Reykjavik Open 2018"]
[Site "Reykjavik"]
[Date "2018.03.16"]
[Round "9"]
[White "Bisby, Daniel L"]
[Black "Abdusattorov, Nodirbek"]
[Result "0-1"]
[WhiteElo "2339"]
[BlackElo "2518"]
[Annotator "TA"]
[PlyCount "82"]
[EventType "swiss"]
[EventCountry "ISL"]
[SourceTitle "playchess.com"]
[Source "ChessBase"]
[SourceQuality "1"]

{[%evp 13,82,14,31,0,0,-15,4,4,28,-14,41,11,64,-77,-47,-97,34,-18,-21,-35,-22,-21,-22,-18,-25,-67,-72,-77,-52,-79,-84,-95,-48,-39,0,-28,-35,-97,-93,-193,-192,-194,-190,-195,-195,-264,-285,-289,-280,-363,-344,-332,-77,-229,-98,-295,-270,-472,-449,-439,-440,-632,-587,-622,-628,-613,-595,-762,-738,-1835,-1727]} 1. Nf3 Nf6 2. g3 b5 3. Bg2 Bb7 4. O-O e6 5. d3 d6 {[%cal Bd7d6,Bd6d5][%mdl 32]} 6. e4 c5 7. Nbd2 Nbd7 {LiveBook: 22 Games. A05: Réti Opening: 1 Nf3 Nf6} (7... Be7 8. a4 b4 9. Re1 Nbd7 10. c3 O-O 11. d4 cxd4 12. cxd4 a5 13. e5 {½-½ (13) Stevic,H (2596)-Palac,M (2581) Opatija 2015}) 8. h3 Be7 9. Nh2 d5 $146 {The position is equal.} ({Predecessor:} 9... Qb6 10. b3 O-O 11. a4 a6 12. Bb2 Ne8 13. Ng4 {½-½ (22) Egger,T (2233)-Pribyl,J (2374) Bayern 2006}) 10. Qe2 d4 11. f4 e5 (11... Nb6 $11) 12. Ndf3 Qc7 ({Better is} 12... exf4 $11 13. Bxf4 Nh5) 13. f5 (13. fxe5 $14 {stays ahead.} Nxe5 14. Bf4) 13... h6 14. g4 g5 (14... c4 $17 15. a4 b4) 15. a4 ({White should play} 15. fxg6 $1 $14 fxg6 16. Nh4) 15... a6 $11 16. Bd2 c4 17. axb5 axb5 18. Rxa8+ Bxa8 19. h4 gxh4 20. Ra1 Bb7 21. Be1 Rg8 22. Nxh4 cxd3 23. cxd3 Qd8 24. Kf1 b4 25. Bf3 (25. N4f3 $15) 25... Qb6 $17 26. Bd2 (26. Qd1 $17 {was worth a try.}) 26... Nc5 27. Ng2 Ba6 28. Ne1 Nfd7 29. g5 (29. Kg2 $142) 29... Bxg5 $19 ({Don't do} 29... hxg5 30. Ng4 $19) 30. Bxg5 Rxg5 31. Ng4 h5 32. Nf2 Nf6 $2 (32... Nb3 $19 33. Rd1 Qh6) 33. Qc2 $2 (33. Qd2 $17 {was called for.} Rg3 34. Qh6) 33... h4 (33... Ke7 $19 {and Black stays clearly on top. aiming for ...Rg3.} 34. Rc1 Nfd7) 34. Rc1 $2 (34. Qc1 $17 Rg7 35. Qh6) 34... Nfd7 {And now ...Qh6 would win.} 35. Bg4 $2 {[#]} (35. Ng4) 35... Nxe4 $1 {[%mdl 512] Black is clearly winning.} 36. Nxe4 Rxg4 37. Qe2 (37. Qc6 $142 Qxc6 38. Rxc6 Rxe4 39. Rxa6) 37... Rf4+ 38. Kg1 {and the idea Ng2 leaves White hopeful.} Qh6 39. Rc7 h3 40. Nf3 Qg7+ 41. Kh2 {[#]} Rxe4 $1 {Precision: White = 11%, Black = 37%.} 0-1

[Event "GAMMA Reykjavik Open 2018"]
[Site "Reykjavik"]
[Date "2018.03.16"]
[Round "9"]
[White "Kumar, Nikhil"]
[Black "Lenderman, Aleksandr"]
[Result "1/2-1/2"]
[WhiteElo "2277"]
[BlackElo "2600"]
[Annotator "TA"]
[PlyCount "60"]
[EventType "swiss"]
[EventCountry "ISL"]
[SourceTitle "playchess.com"]
[Source "ChessBase"]
[SourceQuality "1"]

{[%evp 14,60,27,3,17,14,14,8,15,16,20,0,21,20,22,4,23,22,29,18,25,15,38,20,43,24,58,39,30,8,6,5,41,34,61,58,66,47,50,50,59,62,61,0,9,0,66,0,12]} 1. d4 Nf6 2. Nf3 g6 3. e3 Bg7 4. Be2 O-O 5. O-O b6 6. c4 {A48: 1 d4 Nf6 2 Nf3 g6: Torre, London and Colle Systems} Bb7 7. Nc3 e6 (7... d6 8. b4 e5 9. dxe5 Nfd7 10. Bb2 Nxe5 11. Nxe5 Bxe5 12. Bf3 Bxf3 13. Qxf3 Na6 14. a3 Qh4 15. g3 Qxc4 {0-1 (64) Sargissian,G (2672)-Rapport,R (2707) Riadh 2017}) 8. b3 {LiveBook: 6 Games. White has an edge.} Ne4 9. Nxe4 Bxe4 10. Bb2 $146 ({Predecessor:} 10. Nd2 Bb7 11. Bf3 Nc6 {1-0 (85) Abramov,L-Simagin,V Moscow (Russia) 1958}) 10... d6 11. Nd2 Bb7 12. Qc2 Nd7 13. Rad1 Qe7 14. Bf3 (14. Rfe1 {with more complications.} Rfe8 15. Ne4 f5 16. Nc3 Rad8 17. Nb5) 14... Bxf3 15. Nxf3 a5 {[%cal Ba7a5,Ba5a4][%mdl 32]} 16. Rfe1 Rfe8 17. h3 Ra7 18. Re2 a4 19. b4 c6 20. a3 b5 21. cxb5 cxb5 22. Qd3 Rb8 23. d5 {dxe6 is the strong threat.} e5 {[#] Hoping for ...e4.} 24. e4 Qe8 25. Rc2 $36 {[%mdl 2048] White has the initiative.} Nb6 26. Bc1 Nc4 27. Nd2 $1 {[%cal Rd2c4]} Nb6 28. Nf3 ({White should play} 28. Rc6 $14) 28... Nc4 $11 29. Nd2 (29. Be3 $11 Rc7 30. Rdc1) 29... Nb6 $1 $14 30. Nf3 (30. Rc6 $14) 30... Nc4 {Precision: White = 49%, Black = 41%.} 1/2-1/2

[Event "GAMMA Reykjavik Open 2018"]
[Site "Reykjavik"]
[Date "2018.03.16"]
[Round "9"]
[White "Mohota, Nisha"]
[Black "Friedel, Joshua"]
[Result "0-1"]
[WhiteElo "2272"]
[BlackElo "2562"]
[Annotator "TA"]
[PlyCount "104"]
[EventType "swiss"]
[EventCountry "ISL"]
[SourceTitle "playchess.com"]
[Source "ChessBase"]
[SourceQuality "1"]

{[%evp 22,104,0,3,16,25,36,-13,52,0,0,-57,-57,-57,-57,-57,-59,-60,-60,-118,-121,-133,-136,-116,-122,-125,-130,-120,-120,-218,-217,-235,-242,-254,-211,-368,-264,-264,-257,-251,-250,-377,-260,-325,-337,-397,-366,-397,-389,-387,-383,-347,-329,-597,-591,-917,-875,-865,-835,-1377,-1353,-1292,-1101,-1289,-1260,-29973,-29974,-29974,-29975,-29975,-29976,-29976,-29977,-29977,-29978,-29978,-29979,-29979,-29980,-29979,-29980,-29980,-29981,-29979,-29980]} 1. e4 c5 2. c3 Nf6 3. e5 Nd5 4. Nf3 e6 5. Bc4 d6 6. d4 cxd4 7. cxd4 Be7 8. O-O O-O 9. Qe2 Nc6 10. Rd1 Bd7 11. exd6 {B22: Sicilian: 2 c3} Bxd6 12. Nc3 {LiveBook: 3 Games} Nxc3 13. bxc3 {The position is equal.} Ne7 14. Ne5 Nd5 $146 (14... Rc8 $11) ({Find the theoretical novelty and annotate with similar games:} 14... Rc8 15. Bd2 Bxe5 16. dxe5 Qc7 {½-½ (16) Pavasovic,D (2593)-Cvitan,O (2481) Sibenik 2005}) 15. Bd2 ({White should play} 15. Rd3 $14) 15... Rc8 $11 {[%cal Ba8c8,Bc8c6,Bc6g6][%mdl 32]} 16. Qf3 (16. Qg4 $11 f5 17. Qf3 Bxe5 18. Bxd5 Bxh2+ 19. Kxh2 exd5 20. Qxd5+ Rf7 21. Kg1) 16... Bxe5 $1 $15 17. Bxd5 {[#]} Bxh2+ $1 {[%mdl 512]} 18. Kxh2 exd5 19. Qxd5 Rc6 20. Rh1 (20. Kg1 $15) 20... Rg6 $17 21. Kg1 Bc6 22. Qxd8 Rxg2+ 23. Kf1 Rxd8 24. Rh4 Rg6 $36 {[%mdl 2048] [#] ( -> ...Bb5+). White is under strong pressure.} 25. f4 (25. c4 $17) 25... Rg2 $19 26. Be1 Rc2 27. Rh5 f6 {Strongly threatening ...Re8.} 28. Rc5 $2 (28. Kg1 {was called for.}) 28... Bf3 29. Bf2 Rd5 30. Rxd5 Bxd5 {[%mdl 4096] Endgame KRB-KRB} 31. Be1 (31. Re1 {was worth a try.}) 31... Bxa2 32. Rd1 Bd5 33. Ra1 Ra2 34. Rxa2 Bxa2 {KB-KB} 35. Ke2 Kf7 36. Kd3 b5 37. Ke4 $2 (37. c4) 37... Ke6 38. f5+ Kd6 39. Bg3+ Kc6 40. Bb8 a5 {[%cal Ba7a5,Ba5b4,Bb4b3][%mdl 32]} 41. Ba7 Bb1+ 42. Kf4 b4 43. cxb4 axb4 {Black mates.} 44. Bc5 b3 45. Ba3 Kd5 46. Bb2 h5 47. Ba1 h4 48. Kg4 Bxf5+ 49. Kxh4 Ke4 50. Kg3 Kd3 51. Kf4 Bd7 52. d5 Kc2 {Precision: White = 23%, Black = 79%.} 0-1